Statistiques concernant Pays qui battent le Portugal

Cliquez ici pour prendre le quiz!

Statistiques générales

  • Ce quiz a été pris 317 fois
    (230 depuis la dernière actualisation)
  • Le résultat moyen est 11 sur 15

Statistiques - réponses

RangCatégorieRéponses possibles% Correct
3Le plus de personnes de langue maternelle portugaiseBrésil | Angola
96%
5Pays le plus méridional en EuropeGrèce | Italie | Malte | Espagne
92%
6Plus grande production de vin par habitantEspagne | Italie | Chili | Nouvelle-Zélande | France
89%
2Plus grand pays sur la péninsule IbériqueEspagne
81%
6Pays le plus peuplé commençant
par la lettre "P"
Pakistan | Philippines | Pologne | Pérou | Pays-Bas
80%
14
(e-a)
Pays s'étant qualifié le plus de fois pour la Coupe du Monde de football sans gagnerMexique | Belgique | Suède | Suisse | Corée du Sud | États-Unis | Pays-Bas | Russie | Chili | Hongrie |
Pologne | République tchèque | Yougoslavie
78%
6Le plus peuplé qui n'a de frontières qu'avec un seul autre paysRoyaume-Uni | Corée du Sud | Canada | Haïti | République dominicaine
78%
4Pays européen avec le pourcentage de catholiques le plus élevéCité du Vatican | Saint-Marin | Pologne
77%
3Pays européen dont la capitale est la plus éloignée d'une autre capitaleIslande | Russie
77%
8Premier à légaliser le mariage homosexuelPays-Bas | Belgique | Espagne | Canada |
Afrique du Sud | Norvège | Suède
71%
3Pays le plus occidental en EuropeIslande | Irlande
63%
9Âge médian de la population le plus élevéMonaco | Japon | Allemagne | Italie | Andorre | Grèce | Saint-Marin | Slovénie
63%
11Taux de fécondité le plus faibleTaïwan | Corée du Sud | Singapour | Italie | Espagne | Maurice | Bosnie-Herzégovine | Japon | Grèce | Pologne
57%
2Pays européen le plus pauvre n'ayant jamais été communiste
* PIB (PPA) par habitant, 2020
Grèce
48%
6Pays le plus pacifique (selon le
Global Peace Index)
Islande | Nouvelle-Zélande | Irlande | Danemark | Autriche
42%

Distribution des résultats

Percentile par nombre de réponses

% des personnes avec chaque résultat

Votre développement - résultats

Vous n’avez pas pris ce quiz depuis la dernière actualisation